[Event "CRO-chT3 West"]
[Site "Croatia"]
[Date "2020.09.13"]
[Round "2.6"]
[White "Fiskus, David"]
[Black "Hadzipasic, Suad"]
[Result "0-1"]
[WhiteElo "1617"]
[BlackElo "1677"]
[PlyCount "80"]
[EventDate "2020.09.12"]
[EventType "team-tourn"]
[EventRounds "9"]
[EventCountry "CRO"]
[SourceTitle "EXT 2022"]
[Source "ChessBase"]
[SourceDate "2021.10.06"]
[SourceVersion "1"]
[SourceVersionDate "2021.10.06"]
[SourceQuality "1"]
[WhiteTeam "Porec Gortan II"]
[BlackTeam "Pula II"]
[WhiteTeamCountry "CRO"]
[BlackTeamCountry "CRO"]

1. e4 c5 2. Nc3 Nc6 3. Nf3 d6 4. Bc4 e6 5. 0-0 Nf6 6. d3 Be7 7. Be3 0-0 8. d4 a6 9. d5 b5 10. dxc6 bxc4 11. Qe2 Qc7 12. Qxc4 Qxc6 13. e5 Nd5 14. Nxd5 Qxd5 15. Qg4 f5 16. exf6 Rxf6 17. c4 Qf5 18. Qxf5 Rxf5 19. Rfe1 Bb7 20. Nd2 h5 21. f3 h4 22. g4 hxg3 23. hxg3 Bxf3 24. Rf1 Raf8 25. Nxf3 Rxf3 26. Rxf3 Rxf3 27. Bf2 Rd3 28. Re1 Kf7 29. Re2 a5 30. a4 Rb3 31. Be1 Bf6 32. Rf2 Rxg3+ 33. Kf1 Rb3 34. Bxa5 Rxb2 35. Rxb2 Bxb2 36. Bd2 Ke7 37. a5 Kd7 38. Ke2 Kc6 39. Ke3 Ba3 40. Kf4 Bb4 0-1

[Event "Pula CC-ch"]
[Site "Pula"]
[Date "2014.02.11"]
[Round "8"]
[White "Milanovic, Miroslav"]
[Black "Hadzipasic, Suad"]
[Result "0-1"]
[WhiteElo "1502"]
[BlackElo "1746"]
[PlyCount "78"]
[EventDate "2014.01.17"]
[EventType "swiss"]
[EventRounds "9"]
[EventCountry "CRO"]
[SourceTitle "EXT 2016"]
[Source "ChessBase"]
[SourceDate "2015.10.08"]
[SourceVersion "1"]
[SourceVersionDate "2015.10.08"]
[SourceQuality "1"]

1. c4 e5 2. Nc3 Nf6 3. Nf3 Nc6 4. g3 Bc5 5. Bg2 0-0 6. d3 d6 7. 0-0 Bg4 8. Na4 Qd7 9. Nxc5 dxc5 10. Bg5 Qe6 11. Bxf6 Qxf6 12. h3 Bd7 13. Qd2 Rfe8 14. Nh2 Rad8 15. Ng4 Bxg4 16. hxg4 e4 17. Qf4 Qxf4 18. gxf4 exd3 19. Bxc6 bxc6 20. e3 Re4 21. Rfd1 Rxc4 22. Rd2 Rc2 23. Rad1 Rxd2 24. Rxd2 c4 25. Kg2 f6 26. Kf3 Kf7 27. e4 a5 28. Ke3 a4 29. Rd1 c5 30. Kd2 Rd4 31. f3 h6 32. Rh1 Ke6 33. Rh5 Kd6 34. g5 hxg5 35. fxg5 a3 36. gxf6 axb2 37. f7 Ke7 38. Rh1 c3+ 39. Kxc3 d2 0-1

[Event "Pula CC-ch"]
[Site "Pula"]
[Date "2014.02.07"]
[Round "7"]
[White "Marceta, Milan"]
[Black "Hadzipasic, Suad"]
[Result "1-0"]
[WhiteElo "2010"]
[BlackElo "1746"]
[PlyCount "71"]
[EventDate "2014.01.17"]
[EventType "swiss"]
[EventRounds "9"]
[EventCountry "CRO"]
[SourceTitle "EXT 2016"]
[Source "ChessBase"]
[SourceDate "2015.10.08"]
[SourceVersion "1"]
[SourceVersionDate "2015.10.08"]
[SourceQuality "1"]

1. e4 e5 2. Nf3 Nc6 3. Bb5 Nge7 4. d3 g6 5. Bg5 Bg7 6. c4 0-0 7. Qd2 Nd4 8. Nxd4 exd4 9. 0-0 f6 10. Bh6 d6 11. Bxg7 Kxg7 12. f4 Bd7 13. Na3 a6 14. Bxd7 Qxd7 15. Nc2 c5 16. b4 f5 17. bxc5 dxc5 18. e5 b5 19. Na3 Rfb8 20. Rab1 b4 21. Nc2 a5 22. Qe2 a4 23. Ne1 a3 24. Nf3 Qc7 25. Ng5 Kg8 26. g4 b3 27. Rxb3 Rxb3 28. axb3 a2 29. Ra1 Qb7 30. Rxa2 Rxa2 31. Qxa2 fxg4 32. Qa4 Nc6 33. Ne4 Nb4 34. Qe8+ Kg7 35. Nxc5 Nxd3 36. Nxb7 1-0

[Event "Pula CC-ch"]
[Site "Pula"]
[Date "2014.01.31"]
[Round "5"]
[White "Rajkovic, Frano"]
[Black "Hadzipasic, Suad"]
[Result "1-0"]
[WhiteElo "1591"]
[BlackElo "1746"]
[PlyCount "73"]
[EventDate "2014.01.17"]
[EventType "swiss"]
[EventRounds "9"]
[EventCountry "CRO"]
[SourceTitle "EXT 2016"]
[Source "ChessBase"]
[SourceDate "2015.10.08"]
[SourceVersion "1"]
[SourceVersionDate "2015.10.08"]
[SourceQuality "1"]

1. d4 d5 2. Nf3 Nf6 3. Bf4 e6 4. e3 Bd6 5. Bg3 Nbd7 6. Nbd2 Bxg3 7. hxg3 Qe7 8. Bd3 e5 9. dxe5 Nxe5 10. Nxe5 Qxe5 11. c3 Bd7 12. Nf3 Qe7 13. Qc2 0-0-0 14. 0-0-0 g6 15. Qb3 c5 16. c4 Ne4 17. Qc2 Bc6 18. Rh4 f5 19. Bxe4 dxe4 20. Nd2 Rd3 21. Nb3 Rhd8 22. Rhh1 b6 23. Rxd3 exd3 24. Qc3 Bxg2 25. Rd1 Be4 26. Kb1 h6 27. a3 g5 28. Ka2 f4 29. exf4 gxf4 30. Re1 fxg3 31. fxg3 Qe6 32. Nd2 Rd4 33. Nxe4 Rxe4 34. Qh8+ Kd7 35. Qh7+ Kd6 36. Rxe4 Qf6 37. Rf4 1-0